|
|
|
|
| LEADER |
01057ncm a22002652a 4500 |
| 001 |
000430191 |
| 003 |
CZ BrMZK |
| 005 |
20141112132617.0 |
| 007 |
qu |
| 008 |
990305q19uu gw f zxx d |
| 040 |
|
|
|a BOA001
|b cze
|
| 072 |
|
7 |
|a 787
|x Hudba pro strunné a smyčcové nástroje
|2 Konspekt
|9 9
|
| 100 |
1 |
|
|a Tartini, Giuseppe,
|d 1692-1770
|7 jn19990008426
|4 cmp
|
| 245 |
1 |
0 |
|a Sechs Sonaten.
|n Sonate III G dur
|h [hudebnina] :
|b Klavierbegleitung /
|c G. Tartini ; herausgegeben von H. Léonard ; Neuausgabe bezeichnet von Ossip Schnirlin
|
| 246 |
3 |
0 |
|a Sonate G dur
|
| 260 |
|
|
|a Mainz :
|b B. Schott's Söhne,
|c [19--?]
|
| 300 |
|
|
|a 1 partitura (8 s.)
|
| 490 |
1 |
|
|a Edition Schott Einzel-Ausgabe ;
|v 07484
|
| 700 |
1 |
|
|a Léonard, Hubert,
|d 1819-1890
|7 xx0019878
|4 arr
|
| 700 |
1 |
|
|a Schnirlin, Ossip,
|d 1874-1939
|7 mzk2010589703
|4 edt
|
| 830 |
|
0 |
|a Edition Schott Einzel-Ausgabe
|
| 910 |
|
|
|a BOA001
|b Mus4-0165.000,07484
|
| 990 |
|
|
|a MU
|
| 991 |
|
|
|b 201411
|
| 996 |
6 |
|
|b 2619791295
|c Mus4-0165.000,07484
|l MZK
|r Sklad / do 1 hodiny
|n 2
|w 000430191
|u 000010
|a 1
|e BOA001
|j MZK50
|s P
|